A Way prepared : essays on Islamic culture in honor of Richard Bayly Winder /
Other Authors: , ,
Format: Book
Language: English
Published:
New York :
New York University Press,
c1988.
Subjects:
Tags: Add Tag
Call Number: DS42.4 .W39 1988
| LEADER | 00932namaa2200265 4500 | ||
|---|---|---|---|
| 001 | 20730 | ||
| 003 | OSt | ||
| 005 | 20260309084515.0 | ||
| 008 | 130303s1988 nyuaf b 001 0 eng d | ||
| 010 | |a 87024684 | ||
| 040 | |c ARCE Library | ||
| 043 | |a aw----- |a ff----- | ||
| 050 | 4 | |a DS42.4 .W39 1988 | |
| 245 | 0 | 2 | |a A Way prepared : |b essays on Islamic culture in honor of Richard Bayly Winder / |c edited by Farhad Kazemi and R. D. McChesney. |
| 264 | 1 | |a New York : |b New York University Press, |c c1988. | |
| 300 | |a xxxiii, 299 pages, [1] leaf of plates : |b illustrations (some color) ; |c 24 cm. | ||
| 504 | |a Includes bibliographical references and index. | ||
| 650 | 0 | |a Islamic civilization. | |
| 651 | 0 | |a Middle East. | |
| 700 | 1 | |a Winder, R. Bayly, |q (Richard Bayly), |d 1920-1988. |9 42276 | |
| 700 | 1 | |a Kazemi, Farhad, |d 1943- | |
| 700 | 1 | |a McChesney, R. D., |d 1944- |9 35685 | |
| 901 | |a reviewed | ||
| 942 | |c BK |2 lcc | ||
| 999 | |c 17183 |d 17183 | ||
